Introduction to Sociology (Record no. 142040)
[ view plain ]
| 000 -LEADER | |
|---|---|
| fixed length control field | 00406nam a2200157Ia 4500 |
| 008 - FIXED-LENGTH DATA ELEMENTS--GENERAL INFORMATION | |
| fixed length control field | 230314s9999 xx 000 0 und d |
| 020 ## - INTERNATIONAL STANDARD BOOK NUMBER | |
| International Standard Book Number | 978-81-225-0732-4 |
| 041 ## - LANGUAGE CODE | |
| Language code of text/sound track or separate title | eng |
| 082 ## - DEWEY DECIMAL CLASSIFICATION NUMBER | |
| Classification number | SO/301/BHU/B08574 |
| 100 ## - MAIN ENTRY--PERSONAL NAME | |
| Personal name | Bhushan Vidya & Sachdeva |
| 9 (RLIN) | 179939 |
| 245 ## - TITLE STATEMENT | |
| Title | Introduction to Sociology |
| 260 ## - PUBLICATION, DISTRIBUTION, ETC. (IMPRINT) | |
| Name of publisher, distributor, etc. | Kitab Mahal |
| Place of publication, distribution, etc. | Allahabad |
| Date of publication, distribution, etc. | 2014 |
| 300 ## - PHYSICAL DESCRIPTION | |
| Extent | 552 |
| 906 ## - LOCAL DATA ELEMENT F, LDF (RLIN) | |
| b | 02 |
| Withdrawn status | Lost status | Damaged status | Not for loan | Collection code | Home library | Current library | Date acquired | Vendor | Cost, normal purchase price | Bill number | Total Checkouts | Total Renewals | Full call number | Barcode | Date last seen | Date last checked out | Cost, replacement price | Bill Date | Koha item type | Original Barcode |
|---|---|---|---|---|---|---|---|---|---|---|---|---|---|---|---|---|---|---|---|---|
| Smt. Bakul Tambat Institute of Nursing Education | Smt. Bakul Tambat Institute of Nursing Education | 30/03/2017 | Samutkarsh | 470.00 | 1435 | 3 | 1 | SO 301 BHU B08576 | BTIN-BK-8576 | 24/04/2024 | 19/04/2024 | 343.10 | 30/03/2017 | Books | B08576 | |||||
| Smt. Bakul Tambat Institute of Nursing Education | Smt. Bakul Tambat Institute of Nursing Education | 30/03/2017 | Samutkarsh | 470.00 | 1435 | 13 | 3 | SO 301 BHU B08578 | BTIN-BK-8578 | 16/06/2025 | 20/05/2025 | 343.10 | 30/03/2017 | Books | B08578 |